LEADER 01546nas 2200433 c 450 001 9910893572303321 005 20260218111609.0 035 $a(CKB)5280000000197188 035 $a(OCoLC)1184328794 035 $a(OCoLC)643209986 035 $a(DE-101)1001672267 035 $a(DE-599)ZDB2549717-0 035 $a(DE-599)2549717-0 035 $a(EXLCZ)995280000000197188 100 $a20100419a20069999 |y | 101 0 $aeng 135 $aur||||||||||| 181 $ctxt$2rdacontent 182 $cc$2rdamedia 183 $acr$2rdacarrier 200 00$aFunding ranking$einstitutions - regions - networks ; thematic profiles of higher education institutions and non-university research institutions in light of publicly funded research$fGerman Research Foundation 210 31$aWeinheim$cWiley-VCH$d2006- 606 $aForschungsförderung$3(DE-588)4125049-7$3https://d-nb.info/gnd/4125049-7$3(DE-101)041250494$2gnd 606 $aFinanzierung$3(DE-588)4017182-6$3https://d-nb.info/gnd/4017182-6$3(DE-101)040171825$2gnd 606 $aRanking$3(DE-588)4307945-3$3https://d-nb.info/gnd/4307945-3$3(DE-101)043079458$2gnd 608 $aZeitschrift$2gnd-content 615 7$aForschungsförderung. 615 7$aFinanzierung. 615 7$aRanking. 676 $a050 686 $a99 ; Bonn$a799000$2nwbib 712 02$aDeutsche Forschungsgemeinschaft$4isb 801 0$b0354 801 1$bDE-101 801 2$b9999 906 $aJOURNAL 912 $a9910893572303321 996 $aFunding ranking$94261843 997 $aUNINA